| 000 | 00429cam a2200169ua 4500 | ||
|---|---|---|---|
| 020 | _c9.00 | ||
| 041 |
_amal _h |
||
| 082 |
_a894.8124 _bGOV/TA |
||
| 100 | _aGovinda Pillai , P K . | ||
| 245 |
_aTagorinte prabhandangal, Vol 2 / _cP K Govinda Pillai. _hTextual Documents |
||
| 260 |
_aNew Delhi : _bSahitya Academy , _c1964. |
||
| 300 | _a503 ; . | ||
| 365 | _a9.00 | ||
| 504 | _a | ||
| 942 | _cBK | ||
| 999 |
_c4559 _d4559 |
||